Statistics for Every City in New Mexico on a Map

Click here to take the quiz!

General Stats

  • This quiz has been taken 435 times
    (434 since last reset)
  • The average score is 23 of 106

Answers on the Map

Answers color-coded by a green-red scale on the quiz's map according to % correct below.
Loading ...
 

Answer Stats

Pop.City% Correct
560,513Albuquerque
98%
84,683Santa Fe
94%
103,432Las Cruces
75%
47,551Roswell
71%
44,372Farmington
57%
5,929Taos
57%
99,178Rio Rancho
55%
29,810Carlsbad
50%
5,753Truth or Consequences
49%
21,493Gallup
48%
12,919Las Vegas
46%
31,980Alamogordo
44%
19,369Los Alamos
43%
39,141Hobbs
43%
9,386Silver City
41%
38,319Clovis
41%
16,061Los Lunas
41%
8,348Socorro
39%
5,938Raton
39%
8,942Grants
35%
10,477Bernalillo
34%
7,901Ruidoso
34%
4,867Tucumcari
34%
7,416Belen
34%
10,044Española
33%
13,880Deming
33%
2,636Santa Rosa
32%
11,610Portales
29%
12,356Artesia
27%
6,369Aztec
27%
2,398Lordsburg
26%
1,070Angel Fire
26%
701Cloudcroft
24%
1,650Hatch
23%
1,393Loving
22%
757Cuba
22%
1,860Moriarty
22%
6,107Edgewood
22%
2,681Clayton
21%
7,685Bloomfield
21%
9,239Anthony
20%
463Red River
20%
11,489Lovington
19%
535Tijeras
19%
992Chama
19%
8,696Corrales
17%
2,117Jal
17%
6,108Los Ranchos de Albuquerque
17%
1,320Pecos
16%
881Cimarron
16%
906Springer
16%
873Mountainair
16%
878Magdalena
16%
3,006Tularosa
16%
1,828Mesilla
16%
935Carrizozo
16%
17,978Sunland Park
15%
287Wagon Mound
15%
1,310Elephant Butte
15%
897Fort Sumner
15%
3,888Bosque Farms
15%
267Jemez Springs
15%
397Vaughn
14%
277Reserve
13%
1,617Columbus
13%
1,431Capitan
13%
1,755Questa
12%
3,038Eunice
12%
1,067Texico
10%
201San Ysidro
10%
3,669Milan
10%
1,571Estancia
10%
601Kirtland
9%
2,574Ruidoso Downs
9%
829Tatum
9%
211Roy
9%
163Corona
8%
122Des Moines
8%
251Eagle Nest
8%
1,243Dexter
8%
202San Jon
8%
121Dora
7%
110Floyd
7%
78Encino
7%
176Elida
7%
62House
7%
57Folsom
7%
979Logan
7%
212Maxwell
7%
1,761Santa Clara
7%
2,123Bayard
7%
629Melrose
7%
103Grady
6%
1,220Hagerman
6%
3,584Peralta
6%
71Taos Ski Valley
6%
85Mosquero
6%
242Willard
6%
106Hope
5%
420Lake Arthur
5%
98Causey
4%
4,552Rio Communities
4%
1,176Hurley
4%
29Grenville
4%
129Virden
3%
408Williamsburg
3%

Score Distribution

Percentile by Number Answered

Percent of People with Each Score

Your Score History

You have not taken this quiz since the last reset